Stranger Things Multiple Choice - Statistics

General Stats
  • This quiz has been taken 1,286 times
  • The average score is 14 of 15
Answer Stats
Question Answer % Correct
Who is Mike's older sister? Nancy
97%
What is the dark alternate dimension referred to as? The Upside Down
97%
Who are the four boys of the main child friend group? Mike, Will, Dustin, Lucas
96%
Who escaped Hawkins Lab after creating an inter-dimensional gate? Eleven
94%
And who plays that character? Millie Bobby Brown
94%
Who is the main villain of seasons 4 and 5? Vecna
94%
What is Will Byers' favorite song? "Should I Stay or Should I Go" by The Clash
93%
In what U.S. state is the fictional town of Hawkins? Indiana
92%
What does NOT happen to Steve Harrington throughout the show? Is accepted into college
92%
What does Dustin hide from his friends in season 2? His strange pet "lizard"
90%
What club is Eddie Munson the leader of? Hellfire Club
88%
Where do Nancy and Jonathan get jobs in season 3? Hawkins Post
87%
Which character says the quote "Mornings are for coffee and contemplation"? Jim Hopper
87%
What year is the first season of Stranger Things set in? 1983
85%
Which of these characters is NOT introduced in season 2? Robin Buckley
85%
No matching quizzes found
Score Distribution
Percent of People with Each Score
Percentile by Number Answered
Your Score History
You have not taken this quiz